000 01116nam a2200313Ia 4500
005 20220317001741.0
008 170328s2015 c a g 000 f s
020 _a9789584244222
020 _a9584244221
041 _aspa
100 1 _aRobles, Juan Manuel
_d1978-
245 1 0 _aNuevos juguetes de la Guerra Fría
_cJuan Manuel Robles
250 _a1a. edición
300 _a446 páginas
_bilustraciones a blanco y negro
_c23 cm
490 _aBiblioteca breve
505 _aMensajes desde el espacio -- El Che mirando la televisión -- La cobra somos todos -- EL poder de Grayskull -- Lápiz tornituerqui
650 1 4 _2LEMB
_aNovela peruana
_ySiglo XX
650 1 4 _2LEMB
_aLiteratura peruana
_ySiglo XX
650 1 4 _2LEMB
_aGuerra fría en la literatura
650 1 4 _2LEMB
_aSocialismo en la literatura
650 1 4 _2LEMB
_aRecuerdos en la literatura
942 _2loc
_cBKLIT
264 _aBogotá
_bSeix Barral
_c2015
336 _atexto
_btxt
_2rdacontent
337 _asin mediación
_bn
_2rdamedia
338 _avolumen
_bnc
_2rdacarrier
040 _aCO-BoRNBP
_bspa
_erda
_cCO-BoRNBP
084 _aN ROB18
999 _c7969
_d7969